Etika a ekonomie
Gespeichert in:
| 1. Verfasser: | |
|---|---|
| Weitere Verfasser: | |
| Format: | Buch |
| Sprache: | Tschechisch |
| Veröffentlicht: |
Praha :
Vyšehrad,
2002
|
| Tags: |
Keine Tags, Fügen Sie das erste Tag hinzu!
|
MARC
| LEADER | 00000nam a22000003a 4500 | ||
|---|---|---|---|
| 001 | stu77072 | ||
| 005 | 20150617225644.1 | ||
| 008 | 020904s2002----xr------------------cze-d | ||
| 020 | |a 80-7021-549-6 | ||
| 040 | |a STU |b slo | ||
| 041 | 0 | |a cze | |
| 044 | |a xr | ||
| 080 | |a 17 | ||
| 080 | |a 33 |7 stu_us_auth*stu7876 | ||
| 100 | 1 | |a Sen, Amartya |4 aut | |
| 245 | 1 | |a Etika a ekonomie | |
| 260 | |a Praha : |b Vyšehrad, |c 2002 | ||
| 300 | |a 119 s | ||
| 500 | |a prel. z angl.orig. | ||
| 700 | 1 | |a Štefková, Jana |4 trl | |
| 996 | |c V*47819/O-21076 |l VV21 |s P |a 0 |w stu77072_0001 | ||